Beyond rhetoric adult learning policies and practices

Guardado en:
Detalles Bibliográficos
Formato: Libro
Lenguaje:inglés
Publicado: Paris OECD 2003
Materias:
Etiquetas: Agregar Etiqueta
Sin Etiquetas, Sea el primero en etiquetar este registro!

MARC

LEADER 00000nam a2200000 4500
001 c143202
005 20221124084712.3
020 |a 92-64-19943-8 
041 0 |a eng 
044 |a FR 
245 1 0 |a Beyond rhetoric  |b adult learning policies and practices 
264 1 |a Paris  |b OECD  |c 2003 
300 |a 253 s. 
610 2 0 |a vzdelávanie ďalšie 
610 2 0 |a vzdelávanie 
610 2 0 |a OECD 
610 2 0 |a svet 
610 2 0 |a porovnanie medzinárodné 
610 2 0 |a pedagogika 
610 2 0 |a doškoľovanie 
610 2 0 |a preškoľovanie 
610 2 0 |a odbornosť 
610 2 0 |a zvyšovanie kvalifikácie 
610 2 0 |a rozvoj pracovníkov 
610 2 0 |a výchova mimoškolská 
610 2 0 |a výchova odborná 
610 2 0 |a výcvik